La agroindustria de alimentos balanceados requiere de reglas claras en el esquema de integracisn (Registro nro. 16907)

Detalles MARC
000 -CABECERA
campo de control de longitud fija 00581nab a2200205 a 4500
001 - NÚMERO DE CONTROL
campo de control 16907
003 - IDENTIFICADOR DEL NÚMERO DE CONTROL
campo de control 37798
005 - FECHA Y HORA DE LA ÚLTIMA TRANSACCIÓN
campo de control 20201118095551.0
008 - DATOS DE LONGITUD FIJA--INFORMACIÓN GENERAL
campo de control de longitud fija ||||||n9999 ||| || ||
100 ## - ENTRADA PRINCIPAL--NOMBRE DE PERSONA
Nombre de persona Leano Concha, Carlos Ernesto
245 #0 - MENCIÓN DE TÍTULO
Título La agroindustria de alimentos balanceados requiere de reglas claras en el esquema de integracisn
300 ## - DESCRIPCIÓN FÍSICA
Extensión pp. 37-45
562 ## - NOTA DE IDENTIFICACIÓN DE LA COPIA Y VERSIÓN
Número de copias 0
650 ## - PUNTO DE ACCESO ADICIONAL DE MATERIA--TÉRMINO DE MATERIA
Término de materia o nombre geográfico como elemento de entrada AGROINDUSTRIA
650 ## - PUNTO DE ACCESO ADICIONAL DE MATERIA--TÉRMINO DE MATERIA
Término de materia o nombre geográfico como elemento de entrada INDUSTRIA DE ALIMENTOS
650 ## - PUNTO DE ACCESO ADICIONAL DE MATERIA--TÉRMINO DE MATERIA
Término de materia o nombre geográfico como elemento de entrada LIBRE COMERCIO
650 ## - PUNTO DE ACCESO ADICIONAL DE MATERIA--TÉRMINO DE MATERIA
Término de materia o nombre geográfico como elemento de entrada RELACIONES BILATERALES
773 ## - ENLACE AL DOCUMENTO FUENTE/ENTRADA DE REGISTRO ANFITRIÓN
Número bibliográfico anfitrión 124932
Encabezamiento principal Revista ANDI - No.117
942 ## - ELEMENTOS DE PUNTO DE ACCESO ADICIONAL (KOHA)
Tipo de ítem Koha Artículo de Revista

No hay ítems disponibles.